Southville International School and Colleges
Your cart is empty.
  • Cart
  • Lists
    Public lists Eva Luna New books Lux_list list_1
    Your lists Log in to create your own lists
  • Log in to your account
  • Your cookies
  • Search history
Southville International School and Colleges
  • Advanced search
  • Recent comments
  • Most popular
  • Libraries

Log in to your account

Log in with GOOGLE


If you do not have an external account, but do have a local account, you can still log in:

  1. Home
  2. MARC view: Victorian literature :
Normal view MARC view ISBD view

Victorian literature : (Record no. 22245)

[ view plain ]
MARC details
000 -LEADER
fixed length control field 01167nam a2200253 a 4500
005 - DATE AND TIME OF LATEST TRANSACTION
control field 20140310183356.0
008 - FIXED-LENGTH DATA ELEMENTS--GENERAL INFORMATION
fixed length control field 121026s19uu xx 00 eng d
020 ## - INTERNATIONAL STANDARD BOOK NUMBER
International Standard Book Number 9780230551756
050 ## - LIBRARY OF CONGRESS CALL NUMBER
Classification number PR 461
Item number .V534 2012
245 ## - TITLE STATEMENT
Title Victorian literature :
Remainder of title a sourcebook /
Statement of responsibility, etc edited by John Plunkett ... [et al.].
260 ## - PUBLICATION, DISTRIBUTION, ETC. (IMPRINT)
Place of publication, distribution, etc London ; New York :
Name of publisher, distributor, etc Palgrave Macmillan,
Date of publication, distribution, etc 2012.
300 ## - PHYSICAL DESCRIPTION
Extent xviii, 306 p. :
Other physical details ill. ;
Dimensions 24 cm.
500 ## - GENERAL NOTE
General note Includes bibliographical references and index
520 ## - SUMMARY, ETC.
Summary, etc This is an anthology of both familiar and previously unavailable primary texts that illuminate the world of 19th-century ideas. An expert team introduce and annotate a range of original social, cultural, political and historical documents necessary for contextualizing key literary texts from the Victorian period.
650 ## - SUBJECT ADDED ENTRY--TOPICAL TERM
Topical term or geographic name as entry element English literature
General subdivision 19th century
-- History and criticism
650 ## - SUBJECT ADDED ENTRY--TOPICAL TERM
Topical term or geographic name as entry element Literature and society
General subdivision Great Britain
-- History
-- 19th century
700 ## - ADDED ENTRY--PERSONAL NAME
Personal name Vadillo, Ana Parejo
700 ## - ADDED ENTRY--PERSONAL NAME
Personal name Gagnier, Regenia
700 ## - ADDED ENTRY--PERSONAL NAME
Personal name Richardson, Angelique
700 ## - ADDED ENTRY--PERSONAL NAME
Personal name Rylance, Rick
700 ## - ADDED ENTRY--PERSONAL NAME
Personal name Young, Paul
942 ## - ADDED ENTRY ELEMENTS (KOHA)
Koha item type Books
Source of classification or shelving scheme Library of Congress Classification
Call number prefix Foreign
Holdings
Withdrawn status Lost status Source of classification or shelving scheme Damaged status Home library Current library Shelving location Date acquired Cost, normal purchase price Total Checkouts Full call number Barcode Date last seen Copy number Price effective from Koha item type
    Library of Congress Classification   College Library College Library Reserve Section 10/26/2012 2779.00   PR 461 .V534 2012 C16063 10/30/2014 1 10/10/2013 Books

Victorian literature :

APA

Vadillo A. P., Gagnier R., Richardson A., Rylance R. & Young P. (2012). Victorian literature. London ; New York: Palgrave Macmillan.

Chicago

Vadillo Ana Parejo, Gagnier Regenia, Richardson Angelique, Rylance Rick and Young Paul. 2012. Victorian literature. London ; New York: Palgrave Macmillan.

Harvard

Vadillo A. P., Gagnier R., Richardson A., Rylance R. and Young P. (2012). Victorian literature. London ; New York: Palgrave Macmillan.

MLA

Vadillo Ana Parejo, Gagnier Regenia, Richardson Angelique, Rylance Rick and Young Paul. Victorian literature. London ; New York: Palgrave Macmillan. 2012.

  • Place hold
  • Print
  • Cite
  • Add to your cart (remove)
  • Save record
    BIBTEX Dublin Core MARCXML MARC (non-Unicode/MARC-8) MARC (Unicode/UTF-8) MARC (Unicode/UTF-8, Standard) MODS (XML) RIS
  • More searches
    Search for this title in:
    Other Libraries (WorldCat) Other Databases (Google Scholar) Online Stores (Bookfinder.com) Open Library (openlibrary.org)

Exporting to Dublin Core...

SOUTHVILLE LIBRARY

Southville International School and Colleges Library

1281 Tropical Ave. Cor. Luxembourg St., BF Homes International, Las Pinas City

Tel. No. 8256374 / 252358 Loc. 117/146

Powered by Koha